Vizepitesi biotechnika 2. Alkalmazási területek, szerkezetek és technológiák

Uložené v:
Podrobná bibliografia
Hlavný autor: Szarvas, Ferenc (Author)
Médium: Kniha
Jazyk:Hungarian
Vydané: Budapest : Vizügyi Dokumentációs és Tajékoztató Iroda, 1975.
Vydanie:2. kiad.
Edícia:Vizügyi Müszaki Gazdasági Tajékoztató 36. sz.
ISBN: (brož.)
Fyzický popis: 252 s.
Tagy: Pridať tag
Žiadne tagy, Buďte prvý kto otaguje tento záznam!

MARC

LEADER 00000nam a2200000 a 4500
001 000171801
005 20091017210247.0
008 040101s1975 hu e 000 0 hun d
020 |a (brož.) 
040 |a SVKKK  |b slo  |c SVKKK  |e AACR2 
041 0 |a hun 
044 |a hu  |c HU 
100 1 |a Szarvas, Ferenc  |4 aut 
245 1 0 |a Vizepitesi biotechnika  |n 2.  |p Alkalmazási területek, szerkezetek és technológiák  |c Ferenc Szarvas. 
250 |a 2. kiad. 
260 |a Budapest :  |b Vizügyi Dokumentációs és Tajékoztató Iroda,  |c 1975. 
300 |a 252 s. 
490 1 |a Vizügyi Müszaki Gazdasági Tajékoztató  |v 36. sz. 
830 0 |a Vizügyi Müszaki Gazdasági Tajékoztató  |v 36. sz. 
910 |a svkkk 
998 |a BK 
090 |g SCKHL  |k Sklad Pribinova 2. posch.  |a II.219020  |j 519052  |i 171801-10  |s Absenčne